Willy Guhl : (Record no. 12418)

000 -LEADER
fixed length control field 00613cam a22001815i 4500
003 - CONTROL NUMBER IDENTIFIER
control field OSt
005 - DATE AND TIME OF LATEST TRANSACTION
control field 20240116115826.0
008 - FIXED-LENGTH DATA ELEMENTS--GENERAL INFORMATION
fixed length control field 230128s2023 sz a b 001 0 eng
020 ## - INTERNATIONAL STANDARD BOOK NUMBER
International Standard Book Number 9783037787151
Qualifying information English edition
-- paperback
042 ## - AUTHENTICATION CODE
Authentication code pcc
082 ## - DEWEY DECIMAL CLASSIFICATION NUMBER
Classification number 813
100 1# - MAIN ENTRY--PERSONAL NAME
Personal name Guhl, Willy.
245 10 - TITLE STATEMENT
Title Willy Guhl :
Remainder of title thinking with your hands /
Statement of responsibility, etc Museum für Gestaltung Zürich, Renate Menzi (eds.).
300 ## - PHYSICAL DESCRIPTION
Extent 296 pages :
Other physical details numerous illustrations (chiefly color) ;
Dimensions 29 cm
504 ## - BIBLIOGRAPHY, ETC. NOTE
Bibliography, etc Includes bibliographical references (pages 285-287) and index.
776 08 - ADDITIONAL PHYSICAL FORM ENTRY
International Standard Book Number 9783037787144
Display text German edition
942 ## - ADDED ENTRY ELEMENTS (KOHA)
Source of classification or shelving scheme
Holdings
Withdrawn status Lost status Source of classification or shelving scheme Damaged status Koha normalized classification for sorting Not for loan Permanent location Current location Date acquired Source of acquisition Cost, normal purchase price Full call number Barcode Date last seen Cost, replacement price Price effective from Koha item type
        813_000000000000000   BMS College of Architecture, Design and Planning BMS College of Architecture, Design and Planning 2024-01-16 1 3658.50 813 AR-UG3690 2024-01-16 4878.00 2024-01-16 UG Books
Copyright © 2025, The Librarian, Library and Information Centre, BMSCA D&P, Bengaluru. All Rights Reserved
web counter

Powered by Koha